000
00328nam a22001457a 4500
008
210527b ||||| |||| 00| 0 eng d
020
_a
0471415014
041
_a
eng
080
_2
10th
_a
611
082
_a
611
100
_a
6
101
_a
ANA
245
_a
Principles of Anatomy & Physiology
_c
Tortora,G.J
942
_2
udc
_c
BK
999
_c
57667
_d
57667